US presidents who died in office - Statistics

General Stats
  • This quiz has been taken 43 times
  • The average score is 7 of 8
Answer Stats
Year Answer % Correct
1963 Kennedy
100%
1865 Lincoln
100%
1945 Roosevelt
100%
1881 Garfield
95%
1841 Harrison
84%
1901 McKinley
84%
1923 Harding
81%
1850 Taylor
70%
No matching quizzes found
Score Distribution
Percent of People with Each Score
Percentile by Number Answered
Your Score History
You have not taken this quiz